|
|
|
|
| LEADER |
00000cam a2200000 7i4500 |
| 001 |
0000002598 |
| 005 |
20030826.0 |
| 090 |
0 |
0 |
|a 634.9
|b JOI 2000
|
| 245 |
0 |
0 |
|a JOINT research programme 2000-2003
|c Federal Research Centre for Forestry and Forest Products, Chairs of Forestry and Forest Products of the University of Hamburg
|
| 260 |
0 |
0 |
|a Hamburg :
|b BFH, University of Hamburg ,
|c 2000
|
| 300 |
|
|
|a 65 p. ;
|c 30 cm.
|
| 650 |
0 |
0 |
|a Forests and forestry
|x Research
|
| 710 |
1 |
1 |
|a Chairs of Forestry and Forest Products of the University of Hamburg
|
| 710 |
1 |
1 |
|a Federal Research Centre for Forestry and Forest Products (BFH)
|
| 998 |
|
|
|a JPSM
|
| 999 |
|
|
|a 0000003247
|b Monograph
|c Open Shelf
|e Default branch
|